Name these Christophers - Statistics

General Stats
  • This quiz has been taken 97 times
  • The average score is 10 of 20
Answer Stats
Picture Hint Answer % Correct
Explorer Christopher Columbus
94%
Actor Chris Hemsworth
84%
Comedian Chris Rock
77%
Actor Chris Pratt
75%
Actor Christopher Walken
73%
Actor Christopher Reeve
72%
Actor Chris Evans
70%
Singer Chris Martin
66%
Actor Chris Pine
53%
Actor Christopher Lloyd
51%
Actor Christopher Lee
49%
Filmmaker Christopher Nolan
47%
Comedian Chris Farley
43%
Governor of New Jersey Chris Christie
38%
Basketball Player Chris Paul
27%
Actor Christopher Plummer
24%
Actor Christopher Eccleston
23%
Comedian Chris O'Dowd
22%
Athiest Christopher Hitchens
17%
Author Christopher Awdry
0%
No matching quizzes found
Score Distribution
Percent of People with Each Score
Percentile by Number Answered
Your Score History
You have not taken this quiz